<?xml version="1.0" encoding="UTF-8"?>
<record
    xmlns:xsi="http://www.w3.org/2001/XMLSchema-instance"
    xsi:schemaLocation="http://www.loc.gov/MARC21/slim http://www.loc.gov/standards/marcxml/schema/MARC21slim.xsd"
    xmlns="http://www.loc.gov/MARC21/slim">

  <leader>01837nam a22003377a 4500</leader>
  <datafield tag="999" ind1=" " ind2=" ">
    <subfield code="c">21868</subfield>
    <subfield code="d">21868</subfield>
  </datafield>
  <controlfield tag="003">AR-CdUCM</controlfield>
  <controlfield tag="008">190425b           ||||| |||| 00| 0 spa d</controlfield>
  <datafield tag="040" ind1=" " ind2=" ">
    <subfield code="a">MUNICIPALIDAD PROVINCIAL DEL CUSCO</subfield>
    <subfield code="c">BIBLIOTECA MUNICIPAL DEL CUSCO</subfield>
  </datafield>
  <datafield tag="082" ind1=" " ind2=" ">
    <subfield code="a">Rev.DIMA/N&#xB0;20/1963</subfield>
  </datafield>
  <datafield tag="110" ind1=" " ind2=" ">
    <subfield code="a">Instituto y Museo Arqueol&#xF3;gico de la Universidad Nacional del Cuzco</subfield>
    <subfield code="9">46550</subfield>
  </datafield>
  <datafield tag="245" ind1=" " ind2=" ">
    <subfield code="a">Revista del Museo e Instituto Arqueol&#xF3;gico /</subfield>
    <subfield code="c">Luis A. Pardo, director, Universidad Nacional del Cuzco</subfield>
  </datafield>
  <datafield tag="260" ind1=" " ind2=" ">
    <subfield code="a">Cusco :</subfield>
    <subfield code="b">H.G. Rozas,</subfield>
    <subfield code="c">1963.</subfield>
  </datafield>
  <datafield tag="300" ind1=" " ind2=" ">
    <subfield code="a">170 [170] p&#xE1;ginas. :</subfield>
    <subfield code="b">35 ilustraciones ;</subfield>
    <subfield code="c">21 cm.</subfield>
  </datafield>
  <datafield tag="440" ind1=" " ind2=" ">
    <subfield code="a">Revista del Museo e Instituto Arqueol&#xF3;gico.</subfield>
    <subfield code="n">A&#xF1;o XIII, 1963. N&#xB0;20.</subfield>
    <subfield code="9">46563</subfield>
  </datafield>
  <datafield tag="505" ind1=" " ind2=" ">
    <subfield code="a">Contenido: Apertura del fardo funerario de Paracas N&#xB0;27. Luis A. Pardo.  -- Las cuatro etapas o &#xE9;pocas hist&#xF3;ricas en la civilizaci&#xF3;n peruana. Cuneo Vidal. -- La odontolog&#xED;a en el incanato. Jos&#xE9; Iwaki s. -- Arquitectura de las construcciones del grupo de las tres puertas en la ciudadela de Machupichu. Eulogio Cabada H. -- Tercer libro de cabildo de elecci&#xF3;n de alcaldes y regidores indios y Yanaconas del distrito de San Jer&#xF3;nimo y San Blas, jurisdicci&#xF3;n del Cuzco. Jes&#xFA;s M. Covarrubias Pozo. --  Arte de la lengua quichua. Diego de Torres Rubio.</subfield>
  </datafield>
  <datafield tag="650" ind1=" " ind2=" ">
    <subfield code="a">Cultura Paracas</subfield>
    <subfield code="9">36837</subfield>
  </datafield>
  <datafield tag="650" ind1=" " ind2=" ">
    <subfield code="a">Civilizaci&#xF3;n peruana</subfield>
    <subfield code="9">40634</subfield>
  </datafield>
  <datafield tag="650" ind1=" " ind2=" ">
    <subfield code="a">Odontolog&#xED;a Inka</subfield>
    <subfield code="9">46564</subfield>
  </datafield>
  <datafield tag="650" ind1=" " ind2=" ">
    <subfield code="a">Idioma Quechua</subfield>
    <subfield code="9">27790</subfield>
  </datafield>
  <datafield tag="650" ind1=" " ind2=" ">
    <subfield code="a">Libro de cabildos</subfield>
    <subfield code="9">46135</subfield>
  </datafield>
  <datafield tag="650" ind1=" " ind2=" ">
    <subfield code="a">Arquitectura Inka</subfield>
    <subfield code="9">45226</subfield>
  </datafield>
  <datafield tag="650" ind1=" " ind2=" ">
    <subfield code="a">Machupicchu</subfield>
    <subfield code="9">1751</subfield>
  </datafield>
  <datafield tag="700" ind1=" " ind2=" ">
    <subfield code="a">Pardo, Luis</subfield>
    <subfield code="9">46565</subfield>
  </datafield>
  <datafield tag="700" ind1=" " ind2=" ">
    <subfield code="a">Iwaki, Jos&#xE9;</subfield>
    <subfield code="9">46566</subfield>
  </datafield>
  <datafield tag="700" ind1=" " ind2=" ">
    <subfield code="a">Cabada, Eulogio</subfield>
    <subfield code="9">46567</subfield>
  </datafield>
  <datafield tag="700" ind1=" " ind2=" ">
    <subfield code="a">Covarrubias Pozo, Jes&#xFA;s</subfield>
    <subfield code="9">46044</subfield>
  </datafield>
  <datafield tag="700" ind1=" " ind2=" ">
    <subfield code="a">De Torres Rubio, Diego</subfield>
    <subfield code="9">46568</subfield>
  </datafield>
  <datafield tag="710" ind1=" " ind2=" ">
    <subfield code="a">Universidad Nacional de San Antonio Abad del Cusco</subfield>
    <subfield code="9">15942</subfield>
  </datafield>
  <datafield tag="942" ind1=" " ind2=" ">
    <subfield code="2">ddc</subfield>
    <subfield code="c">PP</subfield>
  </datafield>
  <datafield tag="945" ind1=" " ind2=" ">
    <subfield code="a">rac</subfield>
  </datafield>
  <datafield tag="952" ind1=" " ind2=" ">
    <subfield code="0">0</subfield>
    <subfield code="2">ddc</subfield>
    <subfield code="4">0</subfield>
    <subfield code="7">0</subfield>
    <subfield code="a">HEM</subfield>
    <subfield code="b">HEM</subfield>
    <subfield code="c">CART</subfield>
    <subfield code="d">2021-08-31</subfield>
    <subfield code="g">10.00</subfield>
    <subfield code="o">Rev.DIMA/N&#xB0;20/1963</subfield>
    <subfield code="p">REVC000361</subfield>
    <subfield code="r">2021-08-31</subfield>
    <subfield code="y">PP</subfield>
  </datafield>
</record>
